A lease for Europe (Record no. 70026)
[ view plain ]
| 000 -LEADER | |
|---|---|
| fixed length control field | 01359cam a2200265 4500 |
| 001 - CONTROL NUMBER | |
| control field | ABS65409 |
| 008 - FIXED-LENGTH DATA ELEMENTS--GENERAL INFORMATION | |
| fixed length control field | 020419n2002 000 0 eng u |
| 035 ## - SYSTEM CONTROL NUMBER | |
| System control number | (Sirsi) u117600 |
| 100 ## - MAIN ENTRY--PERSONAL NAME | |
| Personal name | Romney, C. |
| 245 #2 - TITLE STATEMENT | |
| Title | A lease for Europe |
| 260 ## - PUBLICATION, DISTRIBUTION, ETC. | |
| Date of publication, distribution, etc. | 2002 |
| 490 ## - SERIES STATEMENT | |
| Series statement | Property Week |
| Volume/sequential designation | 67(11) 22 March 2002, 37-38(2) |
| 520 ## - SUMMARY, ETC. | |
| Summary, etc. | Argues that many differences still exist between landlord and tenant systems of European countries, and illustrates how these complicate lease arrangements between European partners. Takes the example of a German retail tenant looking to expand into the UK market and identifies five problem areas to negotiate: incompatible legal systems; the UK requirement to repair the structure of its leasehold premises;upward only rent reviews; the optimal length of lease term; and alienation. In each scenario, compares the UK and German systems with those of Poland and other European countries. Concludes that successful cross-border transactions need a clear understanding of the respective legal systems of the parties. |
| 590 ## - LOCAL NOTE (RLIN) | |
| Local note | ABS |
| 650 ## - SUBJECT ADDED ENTRY--TOPICAL TERM | |
| Topical term or geographic name entry element | EUROPE |
| 650 ## - SUBJECT ADDED ENTRY--TOPICAL TERM | |
| Topical term or geographic name entry element | GERMANY |
| 650 ## - SUBJECT ADDED ENTRY--TOPICAL TERM | |
| Topical term or geographic name entry element | POLAND |
| 650 ## - SUBJECT ADDED ENTRY--TOPICAL TERM | |
| Topical term or geographic name entry element | COMMERCIAL LEASES |
| 650 ## - SUBJECT ADDED ENTRY--TOPICAL TERM | |
| Topical term or geographic name entry element | LEGAL SYSTEMS |
| 650 ## - SUBJECT ADDED ENTRY--TOPICAL TERM | |
| Topical term or geographic name entry element | STRUCTURAL REPAIRS |
| 650 ## - SUBJECT ADDED ENTRY--TOPICAL TERM | |
| Topical term or geographic name entry element | UPWARD ONLY RENT REVIEWS |
| 650 ## - SUBJECT ADDED ENTRY--TOPICAL TERM | |
| Topical term or geographic name entry element | LEASE TERM |
| 690 ## - LOCAL SUBJECT ADDED ENTRY--TOPICAL TERM (OCLC, RLIN) | |
| Topical term or geographic name as entry element | LANDLORD AND TENANT-LEASES |
| 942 ## - ADDED ENTRY ELEMENTS (KOHA) | |
| Suppress in OPAC | 0 |
| Withdrawn status | Lost status | Source of classification or shelving scheme | Damaged status | Not for loan | Home library | Current library | Shelving location | Date acquired | Total Checkouts | Full call number | Barcode | Date last seen | Copy number | Price effective from | Koha item type |
|---|---|---|---|---|---|---|---|---|---|---|---|---|---|---|---|
| Dewey Decimal Classification | London | London | Journal article | 19/04/2002 | ABS65409 | 117600-1001 | 06/08/2019 | 1 | 06/08/2019 | Journal article |